Mennyit fizet a város havonta a tisztviselőinek?
Elmentve itt :
| Dokumentumtípus: | Cikk |
|---|---|
| Megjelent: |
1921-03-05
|
| Sorozat: | Délmagyarország
2 No. 53 |
| Kulcsszavak: | Költségvetés Szeged |
| Online Access: | http://dmarchiv.bibl.u-szeged.hu/44836 |
| LEADER | 00426nab a2200145 i 4500 | ||
|---|---|---|---|
| 001 | delm44836 | ||
| 005 | 20180927131931.0 | ||
| 008 | 180927s1921 hu o 0|| hun d | ||
| 040 | |a SZTE Délmagyarország Archívum |b hun | ||
| 041 | |a hun | ||
| 245 | 0 | 0 | |a Mennyit fizet a város havonta a tisztviselőinek? |h [elektronikus dokumentum] |
| 260 | |c 1921-03-05 | ||
| 300 | |a 2 | ||
| 490 | 0 | |a Délmagyarország |v 2 No. 53 | |
| 695 | |a Költségvetés Szeged | ||